=LDR 00000nam 2200000 4500 =001 INLIS000000000025422 =005 20130612123931 =008 ***********************************Ind** =035 ##$$0010-061300000025422 =041 ##$$a Ind =082 ##$$a 92(Aa Gymnastiar) =090 ##$$a 92(Aa Gymnastiar), Gym a =100 ##$$a Gymnastiar, Abdullah =245 ##$$a Aa Gym apa adanya, Abdullah Gymnastiar =260 ##$$a 2006 $b Bandung =300 ##$$a xv, 164 hlm, ilus, 21 cm =650 ##$$a Biografi Aa Gym =850 ##$$a NBPNMAT